• 首页
  • 本馆介绍
  • 公告通知
  • 最新文献
  • 馆藏检索
  • 电子资源
  • 读者导购
  • 参考咨询
  • 我的图书馆
  • 登录
  • 详细信息显示
  • 放入我的书架
  • 预约/预借图书
  • 作者相关作品
  • 分类相关作品
  • 丛书相关作品
  • 出版社相关作品

书目信息

  • 表格格式
  • 工作单格式
  • 卡片格式
书名: The physical universe
作者: Konrad B. Krauskopf, Arthur Beiser.
分册号:
分册名:
出版地: Boston :
 
出版社: McGraw-Hill
出版时间: c2000.
页数: 636 p. :
开本: 26 cm.
丛书名:
中图分类号:
科图分类号:
其他分类号: O4
主题词:
电子资源:
000 01023cam a2200289 a 450
001 E0740090156
005 20070517143626.45
008 990304s2000 maua 001 0 eng
010    @a99014627
020    @a0072284145 (acid-free paper).
035    @A(DLC) 99014627
040    @aDLC@beng@cDLC@dDLC
050 00 @aQ161.2@b.K7 2000
082 00 @a500.2@2 21
090    @aO4
099    @dO4@ex48=9
100 1  @aKrauskopf, Konrad Bates,@d1910-
245 14 @aThe physical universe / @cKonrad B. Krauskopf, Arthur Beiser.
250    @a9th ed.
260    @aBoston :@bMcGraw-Hill,@cc2000.
300    @a636 p. :@bill.1 cd-rom (some col.) ;@c26 cm.
500    @aIncludes index.
650  0 @aPhysical sciences.
700 1  @aBeiser, Arthur.
906    @a7@bcbc@corignew@d1@eocip@f19@gy-gencatlg
925 0  @aacquire@b1 shelf copy@xpolicy default
955    @apc03 to ja00 03-04-99; jp07 03-08-99 sent to SL; jp05 to DDC 03-09-99 ; bk rec’d, to CIP ver. ps06 10-20-99; CIP ver. jp02 11-02-99 to SL; jp14; to BCCD 11-09-99
    
    The physical universe / / Konrad B. Krauskopf, Arthur Beiser.-9th ed.-Boston : : McGraw-Hill, , c2000.
    636 p. : : ill.1 cd-rom (some col.) ; ; 26 cm.
    Includes index.
    
    ISBN 0072284145 (acid-free paper).
    
●
相关链接 在E读中查询图书 在五车中查询图书 在当当中查询图书 在豆瓣中查询图书


正题名:physical universe     索取号:O4/x48=9         预约/预借

序号 登录号 条形码 馆藏地/架位号 状态 备注
1 10206   300102065   第四借阅区/ [索取号:O4/x48=9] 在馆    
2 9565   300095652   第二样本阅览室/ [索取号:O4/x48=9] 在馆    
唐山师范学院图书馆 欢迎您!
大连网信软件有限公司© 版权所有